[Event "SM-gruppen"]
[Site "Linköping"]
[Date "2001.07.01"]
[Round "1"]
[White "Barkhagen, Jonas"]
[Black "Wedberg, Tom"]
[Result "1-0"]
[WhiteElo "2456"]
[BlackElo "2505"]
[Board "3"]

1. e4 e5 2. Nf3 Nc6 3. Bb5 Nf6 4. O-O Nxe4 5. d4 Nd6 6. Bxc6 dxc6 7. dxe5 
Nf5 8. Qxd8+ Kxd8 9. Nc3 Ke8 10. h3 a5 11. Ne2 Ne7 12. Re1 h6 13. Nf4 g5 
14. Nh5 Nd5 15. Nf6+ Nxf6 16. exf6+ Be6 17. Nd4 Bc5 18. Be3 Bd6 19. Rad1 
Kd7 20. f4 gxf4 21. Bxf4 Rae8 22. Kf2 h5 23. Nf3 Bd5 24. Rxe8 Rxe8 25. Be3
Re4 26. b3 b5 27. Nd2 Rh4 28. c4 bxc4 29. bxc4 Bxc4 30. g3 Rxh3 31. Nxc4 
Rh2+ 32. Kf3 Ke6 33. Rd2 Rh1 34. Nxa5 Rh3 35. Rxd6+ cxd6 36. Kg2 Rxg3+ 37.
Kxg3 1-0

[Event "SM-gruppen"]
[Site "Linköping"]
[Date "2001.07.01"]
[Round "1"]
[White "Brynell, Stellan"]
[Black "Couso, Luis"]
[Result "1-0"]
[WhiteElo "2486"]
[BlackElo "2324"]
[Board "4"]

1. e4 c5 2. Nf3 e6 3. c3 Nf6 4. e5 Nd5 5. d4 cxd4 6. cxd4 b6 7. Bd3 Bb4+ 8.
Bd2 Bxd2+ 9. Qxd2 Nc6 10. Be4 Ba6 11. Bxd5 exd5 12. Nc3 Ne7 13. O-O-O d6 
14. Rhe1 O-O 15. Kb1 Qd7 16. Ka1 Rad8 17. Qf4 h6 18. exd6 Ng6 19. Qg3 Qxd6
20. Qxd6 Rxd6 21. g3 f6 22. Re3 Rc8 23. Rde1 Rd7 24. Re8+ Rxe8 25. Rxe8+ 
Kf7 26. Re1 Ne7 27. Kb1 Nc6 28. Re3 g5 29. g4 Rd8 30. Kc1 h5 31. gxh5 g4 
32. Nh4 Nxd4 33. Rg3 f5 34. h3 gxh3 35. Rxh3 Re8 36. Re3 Rxe3 37. fxe3 Ne2+
38. Nxe2 Bxe2 39. h6 Bd3 40. Nf3 Kg8 41. Ng5 d4 42. exd4 Bc4 43. a3 f4 44.
Kd2 a5 45. Ke1 b5 46. Kf2 Bd5 47. b4 axb4 48. axb4 f3 49. Ke3 Kh8 50. Nxf3
Kh7 51. Kf4 Kxh6 52. Nd2 Kg6 53. Ke5 Bg2 54. Ne4 Kg7 55. Nc3 Bf1 56. Kd6 
Kf7 57. d5 1-0

[Event "SM-gruppen"]
[Site "Linköping"]
[Date "2001.07.02"]
[Round "2"]
[White "Karlsson, Lars"]
[Black "Berg, Emanuel"]
[Result "0-1"]
[WhiteElo "2476"]
[BlackElo "2496"]
[Board "1"]

1. Nf3 f5 2. g3 Nf6 3. Bg2 d6 4. d4 g6 5. b3 Bg7 6. Bb2 O-O 7. O-O Ne4 8. 
Nbd2 Nc6 9. e3 e5 10. d5 Nxd2 11. Nxd2 Nb8 12. f4 Qe7 13. Re1 g5 14. Qh5 
gxf4 15. exf4 e4 16. Bxg7 Qxg7 17. Nc4 Nd7 18. Ne3 Nf6 19. Qh4 Bd7 20. Rad1
a5 21. a4 Rf7 22. Bf1 Kh8 23. Qg5 Qxg5 24. fxg5 Ng8 25. h4 Ne7 26. Ng2 h6 
27. gxh6 Rg8 28. Kh2 Ng6 29. Re3 f4 30. gxf4 Bg4 31. Be2 Nxf4 32. Bxg4 Rxg4
33. Rd2 Ng6 34. Rg3 Rxg3 35. Kxg3 Rf3+ 36. Kh2 Ne5 37. Re2 Ng4+ 38. Kg1 e3
39. Re1 Kh7 40. Rf1 Rg3 41. Kh1 Rh3+ 42. Kg1 Kxh6 43. Rf4 Rg3 44. Kf1 Nh2+
45. Kg1 Nf3+ 46. Kf1 Nh2+ 47. Kg1 Nf3+ 48. Kf1 Rxg2 49. Rxf3 Rxc2 50. Rxe3
Kh5 51. Re4 Rb2 52. Rc4 Rxb3 53. Rxc7 Kxh4 54. Rd7 Rb6 55. Ke2 Kg5 56. Kd3
Kf5 57. Re7 Rb3+ 58. Kc2 Rb4 59. Re6 Rxa4 60. Rxd6 b5 61. Rh6 Rd4 62. d6 
Kg5 63. Re6 Kf5 64. Rh6 Kg5 65. Re6 Kf4 66. Rf6+ Ke5 67. Rh6 Kd5 68. d7 Kc5
69. Rh5+ Kb6 0-1

[Event "SM-gruppen"]
[Site "Linköping"]
[Date "2001.07.02"]
[Round "2"]
[White "Åkesson, Ralf"]
[Black "Eriksson, Anders"]
[Result "1-0"]
[WhiteElo "2481"]
[BlackElo "2335"]
[Board "2"]

1. Nf3 c5 2. c4 Nc6 3. d4 cxd4 4. Nxd4 e6 5. Nc3 Nf6 6. Bg5 Be7 7. e3 O-O 
8. Be2 b6 9. O-O Bb7 10. Rc1 a6 11. Qd2 Rc8 12. Nxc6 Bxc6 13. Rfd1 Qc7 14.
e4 Rfd8 15. Qe3 h6 16. Bf4 Qb7 17. e5 Ne8 18. Qg3 b5 19. cxb5 axb5 20. Bxh6
b4 21. Nb1 Bd5 22. Nd2 Rxc1 23. Rxc1 Rc8 24. Nc4 Qa6 25. b3 Qxa2 26. Bf1 f5
27. exf6 Bxf6 28. Rd1 Bc3 29. Nb6 Rc7 30. Qg6 Kf8 31. Bf4 Qxb3 32. Rd3 Bc6
33. Rh3 Ke7 34. Qg5+ Kf7 35. Bxc7 Qd1 36. Rd3 Qe1 37. Bg3 b3 38. Re3 Qd2 
39. Nc4 Qd4 40. Rd3 1-0

[Event "SM-gruppen"]
[Site "Linköping"]
[Date "2001.07.02"]
[Round "2"]
[White "Carlsson, Pontus"]
[Black "Olsson, Anders"]
[Result "1/2-1/2"]
[WhiteElo "2330"]
[BlackElo "2265"]
[Board "3"]

1. e4 e6 2. d4 d5 3. Nd2 Nf6 4. e5 Nfd7 5. Bd3 c5 6. c3 Nc6 7. Ne2 cxd4 8.
cxd4 f6 9. exf6 Nxf6 10. Nf3 Bd6 11. O-O Qc7 12. g3 O-O 13. Bf4 Bxf4 14. 
Nxf4 Qb6 15. Rb1 Kh8 16. Bc2 Bd7 17. Re1 Rae8 18. Qd2 g5 19. Ne2 Ng4 20. 
Qxg5 e5 21. Qh5 Re7 22. Nh4 Nxd4 23. Nxd4 Qxd4 24. Ng6+ Kg7 25. Nxf8 Qxf2+
26. Kh1 Qf3+ 1/2-1/2

[Event "SM-gruppen"]
[Site "Linköping"]
[Date "2001.07.02"]
[Round "2"]
[White "Couso, Luis"]
[Black "Hector, Jonny"]
[Result "1/2-1/2"]
[WhiteElo "2324"]
[BlackElo "2552"]
[Board "4"]

1. e4 e5 2. Nf3 Nc6 3. Bb5 Bc5 4. O-O Nd4 5. Nxd4 exd4 6. c3 c6 7. Bc4 d5 
8. exd5 cxd5 9. Bb5+ Bd7 10. Na3 Bxa3 11. Bxd7+ Qxd7 12. bxa3 Ne7 13. cxd4
O-O 14. Rb1 Nc6 15. Qa4 a6 16. Bb2 f5 17. Bc3 f4 18. f3 Rae8 19. Qb3 b5 20.
Rbe1 Re6 21. Qb1 Rfe8 22. Qf5 g6 23. Qg4 Qf7 24. Rxe6 Rxe6 25. Kf2 Qe7 26.
Qxf4 Qxa3 27. Qc7 Qe7 28. Qxe7 Rxe7 29. Rc1 Kf7 30. a3 Rb7 31. Bb4 Nxd4 32.
Rc8 Nb3 33. Ra8 Rb6 34. Ra7+ Kf6 35. g4 Ke5 36. Re7+ Kd4 37. Re3 Nc1 38. 
Bc3+ Kc5 39. Ba5 Rc6 40. Rc3+ Kd6 41. Bb4+ Kd7 42. Rxc6 Kxc6 43. Ke3 Nb3 
44. d4 a5 45. Bc3 Kd6 46. h4 Ke6 47. Kd3 Kd7 48. Kc2 a4 49. Kd3 Nc1+ 50. 
Ke3 Ke6 51. Bd2 Nb3 52. Kd3 Kd6 53. Bb4+ Ke6 1/2-1/2

[Event "SM-gruppen"]
[Site "Linköping"]
[Date "2001.07.02"]
[Round "2"]
[White "Wedberg, Tom"]
[Black "Brynell, Stellan"]
[Result "0-1"]
[WhiteElo "2505"]
[BlackElo "2486"]
[Board "5"]

1. e4 e6 2. d4 d5 3. Nc3 Nf6 4. e5 Nfd7 5. f4 c5 6. Nf3 Nc6 7. Be3 cxd4 8.
Nxd4 Bc5 9. Qd2 O-O 10. O-O-O a6 11. h4 Nxd4 12. Bxd4 b5 13. Rh3 b4 14. Na4
Bxd4 15. Qxd4 f6 16. Qxb4 fxe5 17. Qd6 Qf6 18. f5 Qh6+ 19. Kb1 Nf6 20. Nb6
Ne4 21. Qc7 Rf7 22. Qd8+ Rf8 23. Qc7 Rf7 24. Qxe5 Rxf5 25. Qd4 Rb8 26. Nxc8
Rxf1 27. Ne7+ Kh8 28. Rd3 Rxd1+ 29. Rxd1 Qxh4 30. Nc6 Rf8 31. Ne5 Qf2 32. 
Qb4 Rc8 33. Rc1 Qf4 34. Nd3 Qc7 35. Qd4 h6 36. Ne5 Qc5 37. Qd3 Qb5 38. Qh3
Ng5 39. Qe3 Qc5 40. Qd3 a5 41. Rh1 Ne4 42. Rc1 Qb6 43. Rf1 Kg8 44. Rc1 a4 
45. Ka1 Rb8 46. Rb1 Qd6 47. Nf3 Rc8 48. Nd4 Rc4 49. Ne2 Qe5 50. a3 Qc7 51.
c3 Nc5 52. Qh3 Re4 53. Nd4 e5 54. Ne6 Nb3+ 55. Ka2 Qc4 56. Rh1 Re2 57. Kb1
Qe4+ 58. Ka2 Re1 59. Rxe1 0-1

[Event "SM-gruppen"]
[Site "Linköping"]
[Date "2001.07.02"]
[Round "2"]
[White "Cramling, Pia"]
[Black "Barkhagen, Jonas"]
[Result "1/2-1/2"]
[WhiteElo "2510"]
[BlackElo "2456"]
[Board "6"]

1. d4 Nf6 2. Nf3 g6 3. Nc3 d5 4. Bf4 Bg7 5. e3 c5 6. dxc5 O-O 7. Be2 Qa5 8.
Nd2 Qxc5 9. Nb3 Qb6 10. Nb5 Na6 11. Be5 Qd8 12. O-O Ne8 13. Bxg7 Nxg7 14. 
Nc3 e6 15. e4 dxe4 16. Qxd8 Rxd8 17. Nxe4 Nc7 18. Rfd1 Rxd1+ 19. Rxd1 Kf8 
20. Bf3 e5 21. Nd6 Nge6 22. Bxb7 Bxb7 23. Nxb7 Na6 24. c3 Rb8 25. N7a5 Rc8
26. Rd6 Rd8 27. Rxd8+ Nxd8 28. Nc4 f6 29. f3 Ke7 30. Kf2 h5 31. Nc1 Nc7 32.
Nd3 Nde6 33. h4 Ng7 34. g3 Ke6 35. Na5 Nf5 36. Nc6 a6 37. Ncb4 Kd6 38. Nc2
g5 39. hxg5 fxg5 40. Ne3 Nxe3 41. Kxe3 h4 42. gxh4 gxh4 43. f4 exf4+ 44. 
Kxf4 Kd5 45. b3 Ne6+ 46. Kf3 Ng5+ 47. Kf4 Ne6+ 48. Kf3 Ng5+ 49. Kg4 Ne4 50.
c4+ Kd4 51. Nb4 Nc5 52. Kxh4 Kc3 53. Nd5+ Kd4 54. Nb4 Kc3 55. Nd5+ Kd4 56.
Kg4 Nd3 57. Kf5 a5 58. Nb6 Nc1 59. Na4 Nxa2 60. Ke6 Nb4 61. Kd6 Kd3 62. Kc7
Kc2 63. Nc5 Kc3 64. Kb6 a4 65. Nxa4+ Kxb3 66. Kb5 Nc2 1/2-1/2

[Event "SM-gruppen"]
[Site "Linköping"]
[Date "2001.07.02"]
[Round "2"]
[White "Hillarp Persson, Tiger"]
[Black "Agrest, Evgenij"]
[Result "1/2-1/2"]
[WhiteElo "2438"]
[BlackElo "2529"]
[Board "7"]

1. c4 c5 2. Nc3 e6 3. g3 d5 4. d3 d4 5. Ne4 Nc6 6. Bg2 Be7 7. g4 f5 8. gxf5
exf5 9. Nd2 Nf6 10. Nh3 Qc7 11. Nf3 Bd6 12. e3 O-O 13. O-O Bd7 14. Nf4 Bxf4
15. exf4 Rae8 16. a3 a5 17. Bd2 Kh8 18. Re1 Rxe1+ 19. Qxe1 Re8 20. Qd1 Bc8
21. Rb1 Qd6 22. h3 b6 23. Qf1 Bd7 24. Re1 Re7 25. Ne5 Kg8 1/2-1/2

[Event "SM-gruppen"]
[Site "Linköping"]
[Date "2001.07.03"]
[Round "3"]
[White "Berg, Emanuel"]
[Black "Hillarp Persson, Tiger"]
[Result "1-0"]
[WhiteElo "2496"]
[BlackElo "2438"]
[Board "1"]

1. e4 c5 2. Nf3 d6 3. d4 cxd4 4. Nxd4 Nf6 5. Nc3 a6 6. Be3 e6 7. f4 b5 8. 
Qf3 Bb7 9. Bd3 Nbd7 10. g4 h6 11. O-O-O Rc8 12. Rhe1 Rxc3 13. bxc3 Qa5 14.
Nb3 Qa4 15. Bf2 g5 16. Qe3 Nxg4 17. Qa7 Nxf2 18. Qxb7 Qa3+ 19. Kb1 Nxd1 20.
Rxd1 Bg7 21. e5 O-O 22. Qxd7 dxe5 23. fxe5 Bxe5 24. Qc6 Bg7 25. Rf1 b4 26.
Qxa6 Qxa6 27. Bxa6 Bxc3 28. Nc5 Rd8 29. Bd3 Kg7 30. Kc1 Ra8 31. Na6 f5 32.
Kd1 Kf6 33. Ke2 g4 34. Nc5 Bd4 35. Na6 Bc3 36. Nc7 Rxa2 37. Nxe6 Ra5 38. 
Nf4 Re5+ 39. Kd1 Kg5 40. Ne2 h5 41. Ng3 Rd5 42. Rxf5+ Rxf5 43. Nxf5 h4 44.
Ke2 Be5 45. h3 gxh3 46. Kf3 h2 47. Kg2 h3+ 48. Kh1 Bf4 49. Nd4 Bd6 50. Nf3+
Kf4 51. Nxh2 Kg3 52. Bf5 Bb8 53. Be6 Bc7 54. Ng4 Bb8 55. Nf6 Kh4 56. Ne4 
Ba7 57. Kh2 Bb8+ 58. Kg1 Ba7+ 59. Kf1 Bb6 60. Nf2 h2 61. Bd5 Kg3 62. Nd3 
Ba5 63. Be4 Bd8 64. Nxb4 Kf4 65. Bc6 Ke3 66. Kg2 Kd4 67. Nd5 1-0

[Event "SM-gruppen"]
[Site "Linköping"]
[Date "2001.07.03"]
[Round "3"]
[White "Barkhagen, Jonas"]
[Black "Karlsson, Lars"]
[Result "1-0"]
[WhiteElo "2456"]
[BlackElo "2476"]
[Board "2"]

1. d4 Nc6 2. Nf3 d5 3. c4 Bg4 4. cxd5 Bxf3 5. dxc6 Bxc6 6. Nc3 Nf6 7. f3 e6
8. e4 Be7 9. Be3 O-O 10. Bd3 Qd7 11. Qc2 Kh8 12. O-O Rfd8 13. Rfd1 Qe8 14.
Rac1 Bf8 15. Qb3 a6 16. Bb1 Ng8 17. Bf4 Bd6 18. Bxd6 cxd6 19. d5 exd5 20. 
exd5 Qe3+ 21. Kh1 Bd7 22. Qxb7 Rab8 23. Qxa6 Rxb2 24. Qd3 Qh6 25. Ne4 Be8 
26. Qa3 Rbb8 27. Bc2 f5 28. Ng3 g6 29. Bb3 Qg7 30. Ne2 Bf7 31. Rc7 Qf6 32.
Qa7 Ra8 33. Qd4 Kg7 34. Qc4 Kh8 35. Nd4 Re8 36. Ne6 Re7 37. h3 Rxc7 38. 
Qxc7 Qe7 39. Qc1 Qf6 40. Qc6 1-0

[Event "SM-gruppen"]
[Site "Linköping"]
[Date "2001.07.03"]
[Round "3"]
[White "Brynell, Stellan"]
[Black "Cramling, Pia"]
[Result "1/2-1/2"]
[WhiteElo "2486"]
[BlackElo "2510"]
[Board "3"]

1. e4 c5 2. Nf3 e6 3. c3 Nf6 4. e5 Nd5 5. d4 cxd4 6. cxd4 b6 7. Bd3 Ba6 8.
Nc3 Bb4 9. Qc2 Nxc3 10. bxc3 Bxd3 11. Qxd3 Be7 12. O-O O-O 13. d5 exd5 14.
Qxd5 Nc6 15. Rd1 Qc7 16. Bf4 1/2-1/2

[Event "SM-gruppen"]
[Site "Linköping"]
[Date "2001.07.03"]
[Round "3"]
[White "Hector, Jonny"]
[Black "Wedberg, Tom"]
[Result "1/2-1/2"]
[WhiteElo "2552"]
[BlackElo "2505"]
[Board "4"]

1. e4 e5 2. Nf3 Nc6 3. d4 exd4 4. Nxd4 Nf6 5. Nxc6 bxc6 6. e5 Qe7 7. Qe2 
Nd5 8. c4 Nb6 9. Nd2 d6 10. exd6 cxd6 11. b3 Bg4 12. Qxe7+ Bxe7 13. Bd3 O-O
14. O-O d5 15. h3 Be6 16. cxd5 Bxd5 17. Be4 Bf6 18. Rb1 Rfe8 19. Bxd5 Nxd5
20. Bb2 Nc3 21. Bxc3 Bxc3 22. Nf3 Re2 23. Rfc1 Bb4 24. Ra1 c5 25. a3 Ba5 
26. Rxc5 Bb6 27. Rc6 Rb2 28. Rac1 f6 29. b4 Ra2 30. R1c2 Ra1+ 31. Kh2 Rxa3
32. Nh4 Rb3 33. R6c4 g6 34. Nf3 Rd8 35. Nd2 Rbd3 36. Ne4 f5 37. Nc5 Rd2 38.
Nb3 Rxf2 39. Rxf2 Bxf2 40. g4 Rd3 41. Rc8+ Kf7 42. Nc5 Rd2 43. Kh1 Re2 44.
gxf5 gxf5 45. Rc7+ Re7 46. Rc6 Bg3 47. Kg2 f4 48. Rh6 Re2+ 49. Kf3 Re3+ 50.
Kg4 Kg7 51. Ra6 h5+ 52. Kxh5 f3 53. Rg6+ Kf7 54. Rxg3 f2 55. Rxe3 f1=Q 56.
Kg4 Qc4+ 57. Re4 Qd5 58. Rf4+ Kg6 59. Ne4 Qd1+ 60. Kh4 Qd4 61. b5 Qd8+ 62.
Rf6+ Kg7 63. Kg4 Qd5 64. Kf4 Qxb5 65. Rf7+ Kg8 66. Rd7 Kf8 67. Nf6 Qf1+ 68.
Ke5 Qe2+ 69. Kf5 Qf3+ 70. Kg6 Qg3+ 71. Kh6 Qxh3+ 72. Kg6 Qg2+ 73. Kh6 Qh1+
74. Kg6 Qb1+ 75. Kh6 Qf5 76. Nh7+ Ke8 77. Rxa7 Qh3+ 78. Kg7 Qg4+ 79. Kh8 
Qd4+ 80. Rg7 Qe5 81. Ng5 Kf8 82. Nh7+ Ke8 1/2-1/2

[Event "SM-gruppen"]
[Site "Linköping"]
[Date "2001.07.03"]
[Round "3"]
[White "Agrest, Evgenij"]
[Black "Åkesson, Ralf"]
[Result "1-0"]
[WhiteElo "2529"]
[BlackElo "2481"]
[Board "7"]

1. d4 d5 2. c4 e6 3. Nc3 Be7 4. cxd5 exd5 5. Bf4 c6 6. Qc2 Bd6 7. Bg3 Ne7 
8. e3 Bf5 9. Qd2 O-O 10. Be2 Be6 11. Nf3 Nf5 12. Bd3 Nxg3 13. hxg3 h6 14. 
Qc2 Nd7 15. Bh7+ Kh8 16. Bf5 Bxf5 17. Qxf5 Qe7 18. Rh4 Qe6 19. g4 Qxf5 20.
gxf5 Rfe8 21. g4 Kg8 22. Ke2 f6 23. Rhh1 Kf7 24. Nh4 a5 25. Kd3 a4 26. Ng2
Nb6 27. Rab1 Re7 28. Nh4 Nc4 29. Ng6 Ree8 30. b3 axb3 31. axb3 Nb6 32. Ra1
Nd7 33. f3 Bb4 34. Ne2 Nf8 35. Nxf8 Bxf8 36. Nf4 Ba3 37. Ne6 Bb2 38. Rab1 
1-0

[Event "SM-gruppen"]
[Site "Linköping"]
[Date "2001.07.04"]
[Round "4"]
[White "Hillarp Persson, Tiger"]
[Black "Åkesson, Ralf"]
[Result "1/2-1/2"]
[WhiteElo "2438"]
[BlackElo "2481"]
[Board "1"]

1. g3 g6 2. Bg2 Bg7 3. Nf3 c5 4. c4 Nc6 5. Nc3 d6 6. O-O e5 7. a3 a5 8. Ne1
Nge7 9. Nc2 O-O 10. d3 Be6 11. Ne3 h6 12. Rb1 f5 13. Ned5 Rb8 14. b4 axb4 
15. axb4 cxb4 16. Nxb4 Nxb4 17. Rxb4 d5 18. cxd5 Nxd5 19. Nxd5 Bxd5 20. Rb5
Bxg2 21. Qb3+ Kh7 22. Kxg2 Qd7 23. Bb2 Rfe8 24. Rc1 Re7 25. Rcc5 Rc8 26. 
Rd5 Qc6 27. Rb6 Qc2 28. Qb4 Qxe2 29. Qxe7 Rc2 30. Qxg7+ Kxg7 31. Bxe5+ Kf7
32. Bd4 Qxd3 33. Rf6+ Ke7 34. Bc5+ Rxc5 35. Rxd3 Kxf6 36. Rd6+ Kg5 37. Rb6
Rc7 38. h4+ Kh5 39. Rb5 Rf7 40. f3 g5 41. hxg5 hxg5 42. Kh3 1/2-1/2

[Event "SM-gruppen"]
[Site "Linköping"]
[Date "2001.07.04"]
[Round "4"]
[White "Wedberg, Tom"]
[Black "Olsson, Anders"]
[Result "1-0"]
[WhiteElo "2505"]
[BlackElo "2265"]
[Board "2"]

1. e4 e6 2. d4 d5 3. Nc3 Nf6 4. Bg5 Be7 5. e5 Nfd7 6. Bxe7 Qxe7 7. f4 O-O 
8. Nf3 c5 9. Qd2 Nc6 10. dxc5 f6 11. exf6 Qxf6 12. g3 Nxc5 13. O-O-O Rb8 
14. Qe3 b6 15. Bb5 Bb7 16. Rhe1 Ne7 17. Nd4 Ne4 18. Bd7 e5 19. Nxe4 dxe4 
20. Ne6 Rf7 21. Ng5 exf4 22. gxf4 Rff8 23. Nxe4 Qxf4 24. Qxf4 Rxf4 25. Ng5
Ng6 26. Be6+ Kh8 27. Nf7+ Kg8 28. Ng5+ Kh8 29. Nf7+ Kg8 30. Nd8+ Kf8 31. 
Bb3 Re4 32. Rf1+ Ke8 33. Bf7+ Ke7 34. Nxb7 Nf4 35. Nd6 1-0

[Event "SM-gruppen"]
[Site "Linköping"]
[Date "2001.07.04"]
[Round "4"]
[White "Karlsson, Lars"]
[Black "Brynell, Stellan"]
[Result "1/2-1/2"]
[WhiteElo "2476"]
[BlackElo "2486"]
[Board "3"]

1. c4 e5 2. g3 Nf6 3. Bg2 c6 4. d4 exd4 5. Qxd4 d5 6. Nf3 dxc4 7. Qxc4 Na6
8. a3 Be6 9. Qc2 Nc5 10. Nbd2 Bd5 11. O-O Be7 12. b4 Nce4 13. Nc4 Nd6 14. 
Nxd6+ Qxd6 15. Bf4 Qd8 16. Rfd1 Qb6 17. Be5 Be4 18. Qc4 Bd5 19. Qc2 Be4 20.
Qc4 Bd5 21. Qf4 Bxf3 22. Bxf3 O-O 23. e4 Qb5 24. a4 Qc4 25. Rac1 Qe6 26. b5
cxb5 27. axb5 Rac8 28. Rxc8 Rxc8 29. Bxf6 Qxf6 30. Rd7 Qxf4 31. gxf4 Kf8 
32. Rxb7 Bc5 33. Bd1 Re8 34. Bb3 Re7 35. Rb8+ Re8 36. Rb7 Re7 37. Rb8+ Re8
38. Rxe8+ Kxe8 39. Kg2 f6 40. h3 Ke7 41. Kg3 g5 42. fxg5 fxg5 43. f3 Kf6 
44. h4 h6 45. Bc4 Bb4 46. Kg4 Be1 47. hxg5+ 1/2-1/2

[Event "SM-gruppen"]
[Site "Linköping"]
[Date "2001.07.04"]
[Round "4"]
[White "Berg, Emanuel"]
[Black "Barkhagen, Jonas"]
[Result "1/2-1/2"]
[WhiteElo "2496"]
[BlackElo "2456"]
[Board "4"]

1. e4 e5 2. Nf3 Nc6 3. d4 exd4 4. Nxd4 Nf6 5. Nxc6 bxc6 6. e5 Qe7 7. Qe2 
Nd5 8. c4 Nb6 9. Nd2 Bb7 10. b3 g6 11. Ne4 O-O-O 12. Bg5 Qxe5 13. Bf6 Qa5+
14. Kd1 Bh6 15. Bxh8 Rxh8 16. Qb2 Re8 17. Bd3 f5 18. Nd2 Qc5 19. Re1 Rxe1+
20. Kxe1 Qe7+ 21. Be2 Bg7 22. Qc1 c5 23. g3 Bxa1 24. Qxa1 Qf8 25. Qe5 d6 
26. Qe6+ Kd8 27. Kf1 Bc8 28. Qe3 Qe7 29. Qh6 Bb7 30. Bf3 Kc8 31. Bxb7+ Kxb7
32. h4 Nd7 33. h5 Ne5 34. Qe3 Qd7 35. Kg2 Qc6+ 36. f3 Qa6 37. a4 Qa5 38. h6
Qb4 39. Kh3 Ka6 40. Nb1 Qb7 41. Nd2 Qc8 42. Kg2 Qd7 43. Qc3 Qe8 44. Qe3 Kb7
45. Nf1 Qd8 46. Qd2 Nc6 47. Qd5 Qe7 48. Kh3 a5 49. Qg8 Nd4 50. Nh2 Ne6 51.
Kg2 Ng5 52. Qd5+ c6 53. Qg8 Qe2+ 54. Kh1 Qe1+ 55. Kg2 Qd2+ 56. Kh1 Qc1+ 57.
Kg2 Qb2+ 58. Kh1 Qa1+ 59. Kg2 Qb2+ 60. Kh1 Qc1+ 61. Kg2 Qc2+ 62. Kh1 Qxb3 
63. Qg7+ Ka6 64. Qf8 Qd1+ 1/2-1/2

[Event "SM-gruppen"]
[Site "Linköping"]
[Date "2001.07.04"]
[Round "4"]
[White "Couso, Luis"]
[Black "Eriksson, Anders"]
[Result "0-1"]
[WhiteElo "2324"]
[BlackElo "2335"]
[Board "7"]

1. e4 c6 2. d4 d5 3. e5 Bf5 4. Nc3 Qd7 5. Be3 h6 6. h4 h5 7. Nge2 Nh6 8. f3
f6 9. Nf4 fxe5 10. dxe5 Nf7 11. Bd4 e6 12. g4 hxg4 13. fxg4 Bh7 14. Qe2 Na6
15. O-O-O Nc7 16. Bh3 Bb4 17. g5 Bxc3 18. Bxc3 Be4 19. Rhe1 c5 20. Nxe6 
Nxe6 21. Qg4 Bg6 22. Qxe6+ Qxe6 23. Bxe6 d4 24. Ba5 b6 25. Bd2 Rxh4 26. Bc4
Ke7 27. e6 Nd6 28. Bd5 Rf8 29. Rf1 Rxf1 30. Rxf1 Be4 31. Be1 Rg4 32. c4 
dxc3 33. Bb3 c4 34. Bd1 cxb2+ 35. Kxb2 Rg2+ 36. Kc1 Kxe6 37. Bd2 Rh2 38. 
Bc3 Nf5 39. Rf4 Kd5 40. a4 g6 41. Rf1 Rg2 42. Rh1 Rg3 0-1

[Event "SM-gruppen"]
[Site "Linköping"]
[Date "2001.07.05"]
[Round "5"]
[White "Hector, Jonny"]
[Black "Karlsson, Lars"]
[Result "1/2-1/2"]
[WhiteElo "2552"]
[BlackElo "2476"]
[Board "2"]

1. e4 e6 2. d4 d5 3. Nc3 Bb4 4. Ne2 dxe4 5. a3 Be7 6. g4 h5 7. gxh5 Rxh5 8.
Nxe4 Rh4 9. Qd3 Nf6 10. N4c3 Nd5 11. Rg1 Nxc3 12. Nxc3 Kf8 13. Qg3 g6 14. 
Bf4 Bd6 15. Bxd6+ cxd6 16. Bd3 e5 17. O-O-O exd4 18. Nd5 Nc6 19. Kb1 Ne5 
20. f4 Rh3 21. Qf2 Nxd3 22. cxd3 Be6 23. Qxd4 Bxd5 24. Qxd5 Qf6 25. f5 Qxf5
26. Qxd6+ Kg8 27. Ka1 Rf3 28. h4 Rf2 29. h5 Qxh5 30. Rh1 Qf3 31. Rb1 Qf6 
32. Qd7 Rd8 33. Qh3 Rf3 34. Qh7+ Kf8 35. Rbe1 Rfxd3 36. Rhf1 Qg7 37. Rxf7+
Qxf7 38. Qh8+ Qg8 39. Qf6+ Qf7 40. Qh8+ Qg8 1/2-1/2

[Event "SM-gruppen"]
[Site "Linköping"]
[Date "2001.07.05"]
[Round "5"]
[White "Barkhagen, Jonas"]
[Black "Hillarp Persson, Tiger"]
[Result "1/2-1/2"]
[WhiteElo "2456"]
[BlackElo "2438"]
[Board "4"]

1. d4 Nf6 2. c4 g6 3. Nc3 Bg7 4. e4 d6 5. Bd3 a6 6. f4 e5 7. fxe5 dxe5 8. 
d5 c6 9. Nf3 O-O 10. O-O Nbd7 11. Kh1 cxd5 12. cxd5 h6 13. a4 b6 14. b4 Ne8
15. Qe1 Nd6 16. Qh4 Qxh4 17. Nxh4 Bb7 18. Be3 Rfc8 19. Rfc1 Rc7 20. Ne2 
Rac8 21. Rxc7 Rxc7 22. Rc1 Rxc1+ 23. Bxc1 g5 24. Nf3 f5 25. Nc3 fxe4 26. 
Nxe4 Nxe4 27. Bxe4 Nf6 28. Bf5 e4 29. Ne5 Nxd5 30. Be6+ Kf8 31. Nd7+ Ke7 
32. Bxd5 Bxd5 33. Nxb6 Bc6 34. Be3 Ke6 35. Kg1 Bf8 36. Bd2 Bg7 37. Be3 Bf8
38. Bd2 Kd6 39. Kf2 Kc7 40. a5 e3+ 41. Bxe3 Bxb4 42. Nc4 Bd5 43. Bb6+ Kc6 
44. Ne3 Be4 45. g4 Kb5 46. Nf5 Bxa5 47. Bd4 Bc7 48. Nxh6 Bd5 49. Nf5 Bd8 
50. Ke2 Be6 51. Kd3 a5 52. h3 a4 53. Kc3 Ba5+ 54. Kb2 Kc4 55. Bf6 Bb4 56. 
Bxg5 a3+ 57. Kb1 Bc3 58. Bc1 Kb3 59. Bxa3 Kxa3 60. Kc2 Kb4 61. Kd3 Bf6 62.
Ke4 Kc5 1/2-1/2

[Event "SM-gruppen"]
[Site "Linköping"]
[Date "2001.07.05"]
[Round "5"]
[White "Brynell, Stellan"]
[Black "Berg, Emanuel"]
[Result "1/2-1/2"]
[WhiteElo "2486"]
[BlackElo "2496"]
[Board "5"]

1. e4 e6 2. d4 d5 3. Nd2 Nf6 4. e5 Nfd7 5. c3 c5 6. Bd3 Nc6 7. Ne2 cxd4 8.
cxd4 f6 9. exf6 Nxf6 10. O-O Bd6 11. Nf3 O-O 12. Bf4 Bxf4 13. Nxf4 Ng4 14.
Qd2 Qd6 15. g3 Bd7 16. Rfe1 Rae8 17. Bf1 Nf6 18. Bd3 Ng4 19. Bf1 Nf6 20. 
Bd3 Ng4 1/2-1/2

[Event "SM-gruppen"]
[Site "Linköping"]
[Date "2001.07.05"]
[Round "5"]
[White "Åkesson, Ralf"]
[Black "Carlsson, Pontus"]
[Result "1-0"]
[WhiteElo "2481"]
[BlackElo "2330"]
[Board "6"]

1. d4 Nf6 2. c4 e6 3. g3 c5 4. d5 exd5 5. cxd5 b5 6. Bg2 d6 7. b4 Bb7 8. a3
g6 9. Nc3 Bg7 10. Nxb5 O-O 11. Bf4 cxb4 12. axb4 Qb6 13. Ra5 Ng4 14. e3 Ne5
15. Bxe5 Bxe5 16. Nf3 a6 17. Nxe5 dxe5 18. Na3 Rd8 19. Qb3 Nd7 20. Nc4 Qc7
21. O-O Rac8 22. Rc1 Qb8 23. Raa1 e4 24. Rd1 Nf6 25. Nb6 Rc7 26. Ra5 Rd6 
27. Na4 Rxd5 28. Rdxd5 Bxd5 29. Qb2 Rc6 30. Nc3 Qe5 31. Rc5 Rb6 32. Qa3 Qd6
33. Nxd5 Nxd5 34. Bxe4 Nxb4 35. Qc3 Rb8 36. h4 Na2 37. Qc4 Nb4 38. Rc7 Qf6
39. Kg2 Kg7 40. h5 a5 41. h6+ Kxh6 42. Rxf7 Rc8 43. Rxh7+ Kxh7 44. Qxc8 Qd6
45. Qb7+ Kh6 46. Qa8 Qe5 47. f4 Qb2+ 48. Kh3 Qa1 49. Qe8 Qf6 50. g4 Kg7 51.
Qd7+ Qf7 52. Qd4+ Kf8 53. Kg3 Qg7 54. Qd8+ Kf7 55. Qxa5 Qc3 56. Qa7+ Kf8 
57. Bxg6 Qe1+ 58. Kg2 Qe2+ 59. Kh3 Qf3+ 60. Kh4 Qh1+ 61. Kg5 Qd5+ 62. f5 
Nc6 63. Qb7 Qd8+ 64. f6 Qd5+ 65. Kh6 Qh1+ 66. Bh5 1-0